000 nam a22 7a 4500
999 _c9455
_d9455
008 180131b ||||| |||| 00| 0 eng d
100 _aBhattacharyya
_94856
245 _aBiology -IX NCERT Syllabus
260 _aNew Delhi
_bRachna Sagar Publication
_c2008